000 01366nam a2200361 c 4500
001 13935
003 ES-MaCES
005 20220519040004.0
008 020807s2001 sp a 100 | spa d
017 _aM 36459-2001
_bDL
020 _a8483191288
035 _aCES20020010247m
040 _aES-MaCES
_bspa
_cES-MaCES
041 0 _aspa
_apor
111 2 _aSeminario "La Mirada Cruzada en la Península Ibérica"
_d2000
_cNaturavila (Ávila)
_9755
245 1 3 _aLa mirada cruzada en la Península Ibérica
_b: perspectivas desde la antropología social en España y Portugal
_c[Seminario "La Mirada Cruzada en la Península Ibérica, celebrado en Naturavila (Ávila), del 5 al 8 de junio de 2000] ; María Cátedra (ed.)
260 _aMadrid
_bLos Libros de la Catarata
_c[2001]
300 _a308 p.
_bil.
_c20 cm
490 1 _aLos libros de la catarata
_v130
500 _aTextos en español y portugués
504 _aBibliografía
541 _cCompra
650 4 _aantropología social y cultural
_927254
650 4 _aEspaña
_926964
650 4 _aPortugal
_926960
650 4 _aconferencia
_927013
653 1 0 _aCiencias Sociales-Políticas
700 1 _aCátedra, María
_eed. lit.
_99339
830 4 _aLos libros de la Catarata
_v130
_932187
902 _aLIB Libro
942 _2CES
_cBK
_h7.0.
999 _c13935
_d13935